Normal view
MARC view
- الحضارة الاسلامية- مرتمرات
Entry Topical Term
001 - CONTROL NUMBER
- control field: 45261
003 - CONTROL NUMBER IDENTIFIER
- control field: JO-AjAnu
005 - DATE AND TIME OF LATEST TRANSACTION
- control field: 20230606081504.0
008 - FIXED-LENGTH DATA ELEMENTS
- fixed length control field: 230606|| aca||aabn | a|a d
040 ## - CATALOGING SOURCE
- Original cataloging agency: JO-AjAnu
- Transcribing agency: JO-AjAnu
150 ## - HEADING--TOPICAL TERM
- Topical term or geographic name entry element: الحضارة الاسلامية- مرتمرات
670 ## - SOURCE DATA FOUND
- Source citation: Work cat.: (JO-AjAnu)23173: المجمع الملكي لبحوث الحضارة الاسلامية (ماب), author 45260, كتاب المؤتمر السنوي الثالث: عمان/ المجمع الملكي لبحوث الحضارة الإسلامية (ماب) 22-27 1404/25-59 نبسان (ابريل) 1984